[Event "Ruhrgebiet Verbandsliga1 1112"]
[Site "Nordrheinwestfalen"]
[Date "2012.03.25"]
[Round "8.5"]
[White "Fleger, Herbert"]
[Black "Grodotzki, Kenneth Alexander"]
[Result "1/2-1/2"]
[WhiteElo "2027"]
[BlackElo "1923"]
[PlyCount "20"]
[EventDate "2012.09.18"]
[EventType "team-tourn"]
[EventRounds "9"]
[EventCountry "GER"]
[SourceTitle "EXT 2020"]
[Source "ChessBase"]
[SourceDate "2019.10.17"]
[SourceVersion "1"]
[SourceVersionDate "2019.10.17"]
[SourceQuality "1"]
[WhiteTeam "Essen Ueberruhr"]
[BlackTeam "Muelheim Nord III"]
[WhiteTeamCountry "GER"]
[BlackTeamCountry "GER"]

1. e4 c5 2. Nc3 Nc6 3. f4 g6 4. Nf3 Bg7 5. Bb5 a6 6. Bxc6 bxc6 7. 0-0 d5 8. d3 Bg4 9. Qe1 Bxf3 10. Rxf3 e6 1/2-1/2

[Event "Ruhrgebiet VK1 0910"]
[Site "Ruhrgebiet"]
[Date "2010.02.21"]
[Round "7.2"]
[White "Fleger, Herbert"]
[Black "Uhlich, Wilfried"]
[Result "1/2-1/2"]
[WhiteElo "2194"]
[BlackElo "1868"]
[PlyCount "80"]
[EventDate "2009.09.06"]
[EventType "team"]
[EventRounds "9"]
[EventCountry "GER"]
[SourceTitle "EXT 2011"]
[Source "ChessBase"]
[SourceDate "2010.11.26"]
[SourceVersion "1"]
[SourceVersionDate "2010.11.26"]
[SourceQuality "1"]
[WhiteTeam "Essen Ueberruhr II"]
[BlackTeam "Drewer SG"]
[WhiteTeamCountry "GER"]
[BlackTeamCountry "GER"]

1. e4 c6 2. d4 d5 3. exd5 cxd5 4. Bd3 Nc6 5. c3 Nf6 6. Bf4 Qb6 7. Qb3 Qxb3 8. axb3 g6 9. b4 Nd7 10. Nf3 Bg7 11. 0-0 0-0 12. Re1 Re8 13. b5 Nd8 14. Bc2 Ne6 15. Bg3 Nb6 16. Nbd2 Bd7 17. Bd3 Bh6 18. Ra5 Bf4 19. Rea1 Bxg3 20. hxg3 Nc8 21. Ne5 Rd8 22. Nxd7 Rxd7 23. Nf3 f6 24. R5a3 Rd6 25. Nd2 Kf8 26. Nb3 b6 27. Nd2 Rd7 28. Kf1 Nd6 29. Ke2 Ng5 30. Ra6 Nc8 31. f4 Nf7 32. Nf3 Rb8 33. Kf2 Rbb7 34. Re1 Rdc7 35. Nd2 Ncd6 36. Kf3 f5 37. Ke3 Ne4 38. Nxe4 fxe4 39. Be2 Nd6 40. g4 e6 1/2-1/2

[Event "Ruhrgebiet Regionalliga 0405"]
[Site "Ruhrgebiet"]
[Date "2004.09.19"]
[Round "1.5"]
[White "Fleger, Herbert"]
[Black "Becker, Marcel"]
[Result "0-1"]
[WhiteElo "2104"]
[BlackElo "2217"]
[PlyCount "66"]
[EventDate "2004.09.19"]
[EventType "team-tourn"]
[EventRounds "9"]
[EventCountry "GER"]
[SourceTitle "EXT 2006"]
[Source "ChessBase"]
[SourceDate "2005.11.24"]
[SourceVersion "1"]
[SourceVersionDate "2005.11.24"]
[SourceQuality "1"]
[WhiteTeam "Essen Ueberruhr"]
[BlackTeam "Muelheim Nord II"]
[WhiteTeamCountry "GER"]
[BlackTeamCountry "GER"]

1. e4 e6 2. Nc3 d5 3. Nf3 Nf6 4. e5 Nfd7 5. d4 c5 6. dxc5 Nc6 7. Bf4 Bxc5 8. Bd3 f6 9. exf6 Nxf6 10. 0-0 0-0 11. Ne5 Nxe5 12. Bxe5 Bd7 13. Qe2 a6 14. Rad1 Qe7 15. Nb1 Bc6 16. Nd2 Rae8 17. Nb3 Ba7 18. c3 Ba4 19. Bc2 Bb5 20. Bd3 Bxd3 21. Rxd3 Ne4 22. Bd4 Bb8 23. f3 Qc7 24. g3 e5 25. fxe4 exd4 26. Rxf8+ Rxf8 27. Nxd4 Re8 28. Qh5 Re5 29. Qe2 Ba7 30. Re3 Qe7 31. Kg2 h6 32. Qg4 dxe4 33. Nf5 Rxf5 0-1

[Event "Ruhrgebiet Regionalliga 0304"]
[Site "Ruhrgebiet"]
[Date "2004.01.18"]
[Round "5.6"]
[White "Bartel, Mario"]
[Black "Fleger, Herbert"]
[Result "0-1"]
[WhiteElo "2050"]
[BlackElo "2084"]
[PlyCount "58"]
[EventDate "2003.10.05"]
[EventType "team-tourn"]
[EventRounds "9"]
[EventCountry "GER"]
[SourceTitle "EXT 2007"]
[Source "ChessBase"]
[SourceDate "2006.11.23"]
[SourceVersion "1"]
[SourceVersionDate "2006.11.23"]
[SourceQuality "1"]
[WhiteTeam "Wattenscheid III"]
[BlackTeam "Essen Ueberruhr"]
[WhiteTeamCountry "GER"]
[BlackTeamCountry "GER"]

1. e4 c5 2. Nf3 Nc6 3. d4 cxd4 4. Nxd4 g6 5. Nc3 Bg7 6. Be3 Nf6 7. Bc4 Qa5 8. 0-0 0-0 9. Bb3 d6 10. h3 Bd7 11. Nde2 b5 12. Ng3 Ne5 13. f4 Nc4 14. Bxc4 bxc4 15. Qe2 Qc7 16. Rad1 Rab8 17. Bc1 Be6 18. Rf3 Rb7 19. Nf1 Qc6 20. g4 Bc8 21. g5 Nh5 22. f5 Be5 23. Nd5 e6 24. Nf6+ Bxf6 25. gxf6 exf5 26. exf5 Re8 27. Qg2 Bxf5 28. Qg5 Qxf3 29. Rd4 Re1 0-1

[Event "Ruhrgebiet Regionalliga 0304"]
[Site "Ruhrgebiet"]
[Date "2003.11.16"]
[Round "3.4"]
[White "Graeber, Ralf"]
[Black "Fleger, Herbert"]
[Result "1/2-1/2"]
[WhiteElo "2208"]
[BlackElo "2084"]
[PlyCount "85"]
[EventDate "2003.10.05"]
[EventType "team-tourn"]
[EventRounds "9"]
[EventCountry "GER"]
[SourceTitle "EXT 2007"]
[Source "ChessBase"]
[SourceDate "2006.11.23"]
[SourceVersion "1"]
[SourceVersionDate "2006.11.23"]
[SourceQuality "1"]
[WhiteTeam "Muelheim Nord II"]
[BlackTeam "Essen Ueberruhr"]
[WhiteTeamCountry "GER"]
[BlackTeamCountry "GER"]

1. d4 Nf6 2. Nf3 g6 3. g3 Bg7 4. Bg2 0-0 5. 0-0 d6 6. b3 e5 7. dxe5 Nfd7 8. Bb2 Nc6 9. c4 Ndxe5 10. Nxe5 Nxe5 11. Nc3 Rb8 12. Qd2 Bd7 13. Rad1 Bc6 14. Nd5 Re8 15. e4 b5 16. f4 Ng4 17. Bxg7 Kxg7 18. Qd4+ Kg8 19. h3 Bxd5 20. cxd5 Nf6 21. Rfe1 b4 22. Qxa7 Rb6 23. Rc1 Re7 24. Qa4 h5 25. Rc6 Qb8 26. Qa5 Rb5 27. Qa6 h4 28. Rec1 Kg7 29. e5 Nxd5 30. exd6 cxd6 31. Bf1 Rb6 32. Qd3 Rxc6 33. Qd4+ Nf6 34. Rxc6 Qa7 35. Rxd6 Qxd4+ 36. Rxd4 Ra7 37. g4 Rxa2 38. Bg2 g5 39. fxg5 Nh7 40. Rxb4 Nxg5 41. Rc4 Ra1+ 42. Kh2 Ra2 43. Kg1 1/2-1/2

[Event "Ruhrgebiet Regionalliga 0304"]
[Site "Ruhrgebiet"]
[Date "2003.10.26"]
[Round "2.4"]
[White "Fleger, Herbert"]
[Black "Kloster, Josef"]
[Result "1-0"]
[WhiteElo "2084"]
[BlackElo "2045"]
[PlyCount "133"]
[EventDate "2003.10.05"]
[EventType "team-tourn"]
[EventRounds "9"]
[EventCountry "GER"]
[SourceTitle "EXT 2007"]
[Source "ChessBase"]
[SourceDate "2006.11.23"]
[SourceVersion "1"]
[SourceVersionDate "2006.11.23"]
[SourceQuality "1"]
[WhiteTeam "Essen Ueberruhr"]
[BlackTeam "Dortmund Hansa II"]
[WhiteTeamCountry "GER"]
[BlackTeamCountry "GER"]

1. e4 d5 2. Nc3 d4 3. Nce2 e5 4. g3 Bg4 5. d3 Nc6 6. Bg2 Bb4+ 7. Bd2 Qd6 8. a3 Bxd2+ 9. Qxd2 Nge7 10. Qg5 Qg6 11. h4 h6 12. Qxg6 Nxg6 13. Bh3 Bxh3 14. Nxh3 0-0 15. h5 Nge7 16. g4 f6 17. Nhg1 Nd8 18. Nf3 Ne6 19. Nh4 Rac8 20. a4 Rfd8 21. Rf1 c5 22. b3 Kf7 23. f4 Nc6 24. Ng6 exf4 25. Nexf4 Nxf4 26. Rxf4 Re8 27. Rf5 Ne5 28. Nxe5+ Rxe5 29. Ke2 Ke6 30. Raf1 Rc7 31. Kf3 Re7 32. Kf4 Kd6 33. Rb1 a5 34. Rc1 Ke6 35. c3 dxc3 36. Rxc3 Kd6 37. Rc4 b6 38. Rxe5 Rxe5 39. d4 cxd4 40. Rxd4+ Kc6 41. Rd5 Re7 42. Kf5 Kc7 43. e5 fxe5 44. Rxe5 Kd6 45. Rb5 Rb7 46. Kg6 Ke6 47. b4 axb4 48. Rxb4 Kd6 49. a5 b5 50. a6 Ra7 51. Rxb5 Rxa6 52. Rb7 Ra4 53. Rxg7 Rxg4+ 54. Kxh6 Rh4 55. Rg5 Ke7 56. Kg7 Rd4 57. Re5+ Kd6 58. Ra5 Rg4+ 59. Kf6 Rb4 60. Ra6+ Kd7 61. Kg6 Rb1 62. h6 Rg1+ 63. Kf7 Re1 64. h7 Re7+ 65. Kg6 Re8 66. Ra7+ Ke6 67. Kg7 1-0

[Event "Ruhrgebiet VL1 0001"]
[Site "Ruhrgebiet"]
[Date "2001.04.08"]
[Round "8"]
[White "Fleger, Herbert"]
[Black "Perlitz, Sven"]
[Result "1-0"]
[WhiteElo "2098"]
[BlackElo "2086"]
[PlyCount "61"]
[EventDate "2000.09.17"]
[EventType "team-tourn"]
[EventRounds "9"]
[EventCountry "GER"]
[SourceTitle "EXT 2023"]
[Source "ChessBase"]
[SourceDate "2022.10.05"]
[SourceVersion "1"]
[SourceVersionDate "2022.10.05"]
[SourceQuality "1"]
[WhiteTeam "Essen Ueberruhr"]
[BlackTeam "Dortmund Kleiner Koenig"]
[WhiteTeamCountry "GER"]
[BlackTeamCountry "GER"]

1. e4 c5 2. Nc3 Nc6 3. f4 g6 4. Nf3 Bg7 5. Bb5 Nd4 6. 0-0 a6 7. Be2 e6 8. e5 d6 9. Ne4 Nxf3+ 10. Bxf3 dxe5 11. c3 Qc7 12. b4 c4 13. Qe2 Nf6 14. Qxc4 Qxc4 15. Nd6+ Ke7 16. Nxc4 e4 17. Be2 Nd5 18. a4 Bd7 19. Ne5 f5 20. Nxd7 Kxd7 21. Rb1 e5 22. fxe5 Bxe5 23. Bc4 Nf6 24. b5 Rac8 25. Be2 a5 26. Ba3 h5 27. b6 Ng4 28. h3 Nf6 29. Rb5 Ke6 30. Bd1 Kf7 31. Rxe5 1-0

[Event "Ruhrgebiet VL1 0001"]
[Site "Ruhrgebiet"]
[Date "2000.12.10"]
[Round "4"]
[White "Biermann, Klaus"]
[Black "Fleger, Herbert"]
[Result "0-1"]
[WhiteElo "2025"]
[BlackElo "2098"]
[PlyCount "80"]
[EventDate "2000.09.17"]
[EventType "team-tourn"]
[EventRounds "9"]
[EventCountry "GER"]
[SourceTitle "EXT 2023"]
[Source "ChessBase"]
[SourceDate "2022.10.05"]
[SourceVersion "1"]
[SourceVersionDate "2022.10.05"]
[SourceQuality "1"]
[WhiteTeam "Katernberg III"]
[BlackTeam "Essen Ueberruhr"]
[WhiteTeamCountry "GER"]
[BlackTeamCountry "GER"]

1. Nf3 Nf6 2. b3 g6 3. Bb2 Bg7 4. e3 0-0 5. Be2 d6 6. d4 c5 7. 0-0 Nc6 8. c4 Bg4 9. Nc3 cxd4 10. Nxd4 Bxe2 11. Qxe2 Nxd4 12. exd4 e6 13. Rfd1 d5 14. c5 Nh5 15. b4 Qh4 16. g3 Qh3 17. Rd3 Nf6 18. f3 Nd7 19. Nd1 Rfe8 20. Nf2 Qf5 21. Ng4 a5 22. Ne3 Qf6 23. a3 axb4 24. axb4 Rxa1+ 25. Bxa1 Ra8 26. Bc3 h5 27. Kg2 Bh6 28. f4 Qd8 29. Rd1 Nf6 30. Ra1 Ne4 31. Qb2 Rxa1 32. Qxa1 g5 33. fxg5 Qxg5 34. Nd1 Qg4 35. Nf2 Qe2 36. Qe1 Nxc3 37. Qxc3 Be3 38. b5 Qxf2+ 39. Kh3 Qf1+ 40. Kh4 Qf5 0-1

[Event "Ruhrgebiet VL1 0001"]
[Site "Ruhrgebiet"]
[Date "2000.10.15"]
[Round "2"]
[White "Fleger, Herbert"]
[Black "Fuellgrabe, Thomas"]
[Result "0-1"]
[WhiteElo "2098"]
[BlackElo "2231"]
[PlyCount "51"]
[EventDate "2000.09.17"]
[EventType "team-tourn"]
[EventRounds "9"]
[EventCountry "GER"]
[SourceTitle "EXT 2023"]
[Source "ChessBase"]
[SourceDate "2022.10.05"]
[SourceVersion "1"]
[SourceVersionDate "2022.10.05"]
[SourceQuality "1"]
[WhiteTeam "Essen Ueberruhr"]
[BlackTeam "Welper SV"]
[WhiteTeamCountry "GER"]
[BlackTeamCountry "GER"]

1. e4 e6 2. Nc3 d5 3. Nf3 Nf6 4. e5 Ne4 5. g3 Bc5 6. d4 Bb4 7. Bd2 Bxc3 8. bxc3 c5 9. Bd3 Nc6 10. 0-0 0-0 11. dxc5 f5 12. Rb1 Qc7 13. Re1 Nxc5 14. c4 Nxd3 15. cxd3 dxc4 16. dxc4 b6 17. Qb3 Rd8 18. Bg5 Re8 19. c5 Rb8 20. cxb6 Rxb6 21. Qc3 Bb7 22. Rxb6 Qxb6 23. Qb3 Qa6 24. Rd1 Na5 25. Qd3 Qc6 26. Bd2 0-1

[Event "Ruhrgebiet VL2 9900"]
[Site "Ruhrgebiet"]
[Date "2000.05.21"]
[Round "9"]
[White "Fleger, Herbert"]
[Black "Goralski, Christian"]
[Result "1-0"]
[WhiteElo "2217"]
[BlackElo "2103"]
[PlyCount "33"]
[EventDate "1999.09.19"]
[EventType "team-tourn"]
[EventRounds "9"]
[EventCountry "GER"]
[SourceTitle "EXT 2024"]
[Source "ChessBase"]
[SourceDate "2023.10.10"]
[SourceVersion "1"]
[SourceVersionDate "2023.10.10"]
[SourceQuality "1"]

1. e4 d5 2. Nc3 dxe4 3. Nxe4 f5 4. Ng3 e5 5. Nf3 Bd6 6. d4 e4 7. Bg5 Nf6 8. Ne5 Qe7 9. Bc4 Bxe5 10. dxe5 Qxe5 11. 0-0 Nc6 12. Nh5 Ng4 13. Bf4 Qe7 14. Qd5 Nce5 15. f3 Nxc4 16. Qxc4 Be6 17. Nxg7+ 1-0

[Event "Ruhrgebiet VL2 9900"]
[Site "Ruhrgebiet"]
[Date "2000.01.16"]
[Round "5"]
[White "Fleger, Herbert"]
[Black "Scheffner, Axel"]
[Result "1/2-1/2"]
[WhiteElo "2217"]
[BlackElo "2315"]
[PlyCount "85"]
[EventDate "1999.09.19"]
[EventType "team-tourn"]
[EventRounds "9"]
[EventCountry "GER"]
[SourceTitle "EXT 2001"]
[Source "ChessBase"]
[SourceDate "2000.11.22"]
[SourceVersion "1"]
[SourceVersionDate "2000.11.22"]
[SourceQuality "1"]

1. e4 c6 2. d4 d5 3. exd5 cxd5 4. Bd3 Nc6 5. c3 Nf6 6. Bf4 g6 7. h3 Bg7 8. Nf3 Qb6 9. Qb3 Qxb3 10. axb3 0-0 11. 0-0 Ne4 12. Na3 f6 13. Nb5 e5 14. Be3 Bf5 15. Bb1 a6 16. Nc7 Rad8 17. g4 Bc8 18. dxe5 fxe5 19. Bxe4 dxe4 20. Ng5 Rf6 21. Rad1 Rxd1 22. Rxd1 h5 23. Nd5 Rf8 24. gxh5 gxh5 25. Kh2 Bf5 26. Bc5 Re8 27. Ne3 Bg6 28. Rd7 Nd8 29. Nd5 Nc6 30. Rxb7 e3 31. fxe3 Rd8 32. e4 Bxe4 33. Nxe4 Rxd5 34. Rc7 Nd8 35. Be7 Ne6 36. Ra7 Nf4 37. Bf6 Bh6 38. Bh4 Rd3 39. Nf6+ Kf8 40. Nh7+ Kg8 41. Nf6+ Kf8 42. Nh7+ Kg8 43. Nf6+ 1/2-1/2

[Event "Budapest WFG op"]
[Site "Budapest"]
[Date "2000.??.??"]
[Round "?"]
[White "Fleger, Herbert"]
[Black "Orso, Miklos"]
[Result "1/2-1/2"]
[WhiteElo "2195"]
[BlackElo "2345"]
[PlyCount "83"]
[EventDate "2000.??.??"]
[EventType "swiss"]
[EventRounds "9"]
[EventCountry "HUN"]
[SourceTitle "EXT 2004"]
[Source "ChessBase"]
[SourceDate "2003.11.25"]
[SourceVersion "1"]
[SourceVersionDate "2003.11.25"]
[SourceQuality "1"]

1. e4 c5 2. Nc3 Nc6 3. f4 e6 4. Nf3 d5 5. Bb5 Nf6 6. Qe2 Be7 7. 0-0 0-0 8. Bxc6 bxc6 9. d3 c4 10. d4 Rb8 11. e5 Ne8 12. Nd1 c5 13. Be3 Bd7 14. c3 Qc7 15. Nf2 f5 16. exf6 Nxf6 17. Ne5 Be8 18. Nfg4 Ne4 19. Nf2 cxd4 20. cxd4 Nd6 21. Rfc1 Qb7 22. b3 cxb3 23. axb3 Nf5 24. Nfd3 Bb5 25. Bf2 Nd6 26. Qg4 Nf5 27. Nc5 Bxc5 28. dxc5 Bc6 29. Ra3 d4 30. Nxc6 Qxc6 31. Rxa7 Rf7 32. Rxf7 Kxf7 33. Qh3 Kg8 34. Qd3 Qd5 35. Qc4 Rxb3 36. Qxd5 exd5 37. c6 Rc3 38. Rd1 d3 39. Be1 Rxc6 40. Rxd3 Rc2 41. g4 Ne7 42. Bh4 1/2-1/2

[Event "Budapest Nyar op"]
[Site "Budapest"]
[Date "1998.??.??"]
[Round "5"]
[White "Klanert, Karsten"]
[Black "Fleger, Herbert"]
[Result "1-0"]
[WhiteElo "2135"]
[BlackElo "2230"]
[PlyCount "49"]
[EventDate "1998.??.??"]
[EventType "swiss"]
[EventRounds "9"]
[EventCountry "HUN"]
[SourceTitle "EXT 2000"]
[Source "ChessBase"]
[SourceDate "1999.11.16"]
[SourceVersion "1"]
[SourceVersionDate "1999.11.16"]
[SourceQuality "1"]

1. d4 Nf6 2. c4 g6 3. Nc3 Bg7 4. e4 d6 5. h3 0-0 6. Bg5 c6 7. Nf3 Nbd7 8. Be2 e5 9. d5 c5 10. Nd2 a6 11. Qc2 Qe8 12. a3 Kh8 13. b4 Ng8 14. Nb3 b6 15. bxc5 bxc5 16. Na5 f5 17. Rb1 Ngf6 18. Qa4 Nxe4 19. Nxe4 fxe4 20. Qc6 Rb8 21. Rxb8 Nxb8 22. Qxd6 Qa4 23. Qxc5 Nd7 24. Qb4 Qc2 25. Qb3 1-0

[Event "Ruhrgebiet VL2 9697"]
[Site "Ruhrgebiet"]
[Date "1997.??.??"]
[Round "?"]
[White "Fleger, Herbert"]
[Black "Visser, Yge"]
[Result "1/2-1/2"]
[WhiteElo "2250"]
[BlackElo "2395"]
[PlyCount "75"]
[EventDate "1996.??.??"]
[EventType "team-tourn"]
[EventRounds "9"]
[EventCountry "GER"]
[SourceTitle "EXT 2002"]
[Source "ChessBase"]
[SourceDate "2001.11.25"]
[SourceVersion "1"]
[SourceVersionDate "2001.11.25"]
[SourceQuality "1"]

1. e4 e6 2. Nc3 d5 3. Nf3 Nf6 4. e5 Nfd7 5. d4 c5 6. dxc5 Nc6 7. Bf4 Bxc5 8. Bd3 f6 9. exf6 Nxf6 10. 0-0 0-0 11. Ne5 Bd7 12. Nxc6 Bxc6 13. Be5 Qb6 14. Qe2 Rae8 15. a3 a6 16. Rae1 g6 17. Nd1 Nd7 18. Qg4 Nxe5 19. Rxe5 Rf6 20. h4 Bd6 21. Rg5 Qc7 22. h5 Bh2+ 23. Kh1 Bf4 24. hxg6 Bxg5 25. Qxg5 Qg7 26. Ne3 Rxg6 27. Bxg6 Qxg6 28. Qxg6+ hxg6 29. f4 Kg7 30. Ng4 Rf8 31. Kg1 d4 32. g3 Be4 33. Re1 Bd5 34. Ne5 Rh8 35. Re2 Kf6 36. Rh2 Rxh2 37. Kxh2 g5 38. Nd3 1/2-1/2

[Event "Ruhrgebiet VL2 9798"]
[Site "Ruhrgebiet"]
[Date "1997.??.??"]
[Round "?"]
[White "Fuellgrabe, Thomas"]
[Black "Fleger, Herbert"]
[Result "1/2-1/2"]
[WhiteElo "2200"]
[BlackElo "2230"]
[PlyCount "90"]
[EventDate "1997.??.??"]
[EventType "team-tourn"]
[EventRounds "9"]
[EventCountry "GER"]
[SourceTitle "EXT 2002"]
[Source "ChessBase"]
[SourceDate "2001.11.25"]
[SourceVersion "1"]
[SourceVersionDate "2001.11.25"]
[SourceQuality "1"]

1. e4 c5 2. Nc3 Nc6 3. Nge2 g6 4. d4 cxd4 5. Nxd4 Bg7 6. Be3 Nf6 7. Bc4 0-0 8. Bb3 a5 9. a4 d6 10. h3 Nxd4 11. Bxd4 Be6 12. Bd5 Qd7 13. 0-0 Nh5 14. Bxg7 Kxg7 15. Qd4+ Kg8 16. Rad1 Rac8 17. Rfe1 Nf4 18. Qe3 Bxd5 19. exd5 e5 20. dxe6 fxe6 21. Kh2 Qc6 22. Qe4 Qb6 23. Rd2 Qxb2 24. Nd1 Qf6 25. Rxd6 Qf5 26. Qxf5 exf5 27. Re7 Rf7 28. Rxf7 Kxf7 29. Rd7+ Ke6 30. Rxb7 Rxc2 31. Rb5 Rd2 32. Ne3 Rxf2 33. Rxa5 Re2 34. Kg3 Nh5+ 35. Kf3 Ra2 36. Nc4 Rc2 37. Ne3 Rc3 38. g4 f4 39. gxh5 Rxe3+ 40. Kxf4 Rxh3 41. hxg6 hxg6 42. Ra6+ Kd5 43. Rxg6 Ra3 44. Ra6 Kc5 45. Ra8 Kb4 1/2-1/2

[Event "Gyongyos op "]
[Site "Gyongyos"]
[Date "1995.??.??"]
[Round "?"]
[White "Fleger, Herbert"]
[Black "Dally, Hans Peter"]
[Result "1-0"]
[WhiteElo "2250"]
[BlackElo "2110"]
[PlyCount "23"]
[EventDate "1995.??.??"]
[EventType "swiss"]
[EventRounds "9"]
[EventCountry "HUN"]
[SourceTitle "EXT 1999"]
[Source "ChessBase"]
[SourceDate "1998.11.16"]
[SourceVersion "1"]
[SourceVersionDate "1998.11.16"]
[SourceQuality "1"]

1. e4 c6 2. d4 d5 3. exd5 cxd5 4. Bd3 Nc6 5. c3 Nf6 6. Bf4 Qb6 7. Qb3 Qxb3 8. axb3 g6 9. Na3 Nh5 10. Be3 Bf5 11. Be2 a6 12. g4 1-0